Countries That Begin With V, Y, or Z - Statistics

General Stats
  • This quiz has been taken 47 times
  • The average score is 6 of 7
Answer Stats
% Correct
Zambia
100%
Zimbabwe
98%
Yemen
95%
Venezuela
88%
Vietnam
84%
Vanuatu
81%
Vatican City
79%
No matching quizzes found
Score Distribution
Percent of People with Each Score
Percentile by Number Answered
Your Score History
You have not taken this quiz